| Tag |
First Indicator |
Second Indicator |
Subfields |
| LEADER |
00000cam a2200000La 4500 |
| 001 |
in00001574433 |
| 005 |
20220103181524.0 |
| 006 |
m u |
| 007 |
cr cn- |
| 008 |
001009s2000 nyu sb 001 0 eng d |
| 010 |
|
|
|z 00025294
|
| 020 |
|
|
|a 0585218064 (electronic bk.) :
|c $29.95
|
| 020 |
|
|
|z 0814405746
|
| 035 |
|
|
|a (OCoLC)ocm44957413
|
| 040 |
|
|
|a N$T
|c N$T
|d OCL
|d UtOrBLW
|
| 049 |
|
|
|a IKMN
|
| 050 |
1 |
4 |
|a HD4904.7
|b .F55 2000eb
|
| 082 |
0 |
4 |
|a 658.14/226
|2 21
|
| 100 |
1 |
|
|a Fitz-enz, Jac.
|0 http://id.loc.gov/authorities/names/n83174894
|
| 245 |
1 |
4 |
|a The ROI of human capital :
|b measuring the economic value of employee performance /
|c Jac Fitz-enz.
|
| 246 |
3 |
|
|a Economic value of employee performance
|
| 264 |
|
1 |
|a New York :
|b AMACOM,
|c [2000]
|
| 264 |
|
4 |
|c ©2000
|
| 300 |
|
|
|a xix, 298 pages :
|b illustrations ;
|c 23 cm.
|
| 336 |
|
|
|a text
|b txt
|2 rdacontent
|
| 337 |
|
|
|a computer
|b c
|2 rdamedia
|
| 338 |
|
|
|a online resource
|b cr
|2 rdacarrier
|
| 504 |
|
|
|a Includes bibliographical references and index.
|
| 533 |
|
|
|a Electronic reproduction.
|b Boulder, Colo. :
|c NetLibrary,
|d 2000.
|n Available via the World Wide Web.
|n Available in multiple electronic file formats.
|n Access may be limited to NetLibrary affiliated libraries.
|
| 500 |
|
|
|a Electronic resource.
|
| 650 |
|
0 |
|a Human capital.
|0 http://id.loc.gov/authorities/subjects/sh85062845
|
| 650 |
|
0 |
|a Productivity accounting.
|0 http://id.loc.gov/authorities/subjects/sh85107222
|
| 650 |
|
0 |
|a Labor economics.
|0 http://id.loc.gov/authorities/subjects/sh85073687
|
| 655 |
|
7 |
|a Electronic books.
|2 local
|
| 710 |
2 |
|
|a NetLibrary, Inc.
|0 http://id.loc.gov/authorities/names/no99080690
|
| 776 |
1 |
|
|c Original
|w (DLC) 00025294
|w (OCoLC)43562094
|
| 856 |
4 |
1 |
|u https://proxy.library.tamu.edu/login?url=http://www.netLibrary.com/urlapi.asp?action=summary&v=1&bookid=32657
|z Connect to the full text of this electronic book
|t 0
|
| 994 |
|
|
|a 92
|b IKM
|
| 999 |
|
|
|a MARS
|
| 999 |
f |
f |
|s 83836e99-bb46-3a5b-8ddb-58a3c5ecd67e
|i a8c2d862-8d39-3f40-b32e-81f3b0bdf589
|t 0
|
| 952 |
f |
f |
|a Texas A&M University
|b College Station
|c Electronic Resources
|d Available Online
|t 0
|e HD4904.7 .F55 2000eb
|h Library of Congress classification
|
| 998 |
f |
f |
|a HD4904.7 .F55 2000eb
|t 0
|l Available Online
|